000 00702nam a22002537a 4500
003 BCEG
005 20260204120606.0
008 260204s2003 mx a||||||||||||||||spa|d
020 _a9789707809758
040 _aBCEG
_bspa
_cBCEG
082 0 4 _a158.1
_bG661i
100 1 _aGordoa, Víctor.
245 1 0 _aImagología.
260 _aMéxico :
_bDeBolsillo,
_c2007.
300 _a397 p. :
_bil.
500 _aTodo lo que necesita saber para crear su Imagen Pública --En cubierta.
504 _aIncluye bibliografía.
541 _aDonación.
650 1 4 _aImagen corporal.
650 1 4 _aÉxito.
650 1 4 _aAutorrealización (Psicología).
700 1 _aMurillo, Ivonne,
_eil.
942 _cBK
999 _c437074
_d437074